| 000 | 00745nam a2200217 a 4500 | ||
|---|---|---|---|
| 001 | 000040339 | ||
| 005 | 20201002034053.0 | ||
| 008 | 130821s2005 mx 000 0 spa d | ||
| 020 | _a9703220142 | ||
| 040 |
_aDO-SdBNP _bspa _cBNPHU |
||
| 100 | 1 |
_aRomero, José Rubén _965619 |
|
| 245 | 1 | 3 |
_aAlgunas cosillas de Pito Pérez que se me quedaron en el tintero / _cJosé Rubén Romero ; Viñetas de Oscar Frias. |
| 260 |
_aMéxico : _bUniversidad Nacional Autónoma de México, _c2005. |
||
| 300 |
_a48 p. ; _c22 cm. |
||
| 490 | 1 |
_aLunes _v7 |
|
| 590 | _aInventariado, 2019/VM | ||
| 533 |
_aFacsímil: _bMéxico _d1945 |
||
| 700 | 1 |
_aFrias, Oscar _966632 |
|
| 710 | 0 |
_aUniversidad Nacional Autónoma de México _942447 |
|
| 830 | 0 |
_aLunes _v7 _966616 |
|
| 999 |
_c39829 _d39829 |
||